[Event "Wch U20 41st"]
[Site "Goa"]
[Date "2002.12.19"]
[Round "12"]
[White "Kjartansson, David"]
[Black "Poliakov, Dmitry"]
[Result "0-1"]
[WhiteElo "2224"]
[BlackElo "2290"]
[PlyCount "92"]
[EventDate "2002.12.09"]
[EventType "swiss"]
[EventRounds "13"]
[EventCountry "IND"]
[SourceTitle "CBM 091 Extra"]
[Source "ChessBase"]
[SourceDate "2003.01.09"]
[SourceVersion "1"]
[SourceVersionDate "2003.01.09"]
[SourceQuality "1"]

1. d4 d5 2. Nf3 Nf6 3. Bg5 e6 4. e3 Be7 5. Bd3 Nbd7 6. Nbd2 c5 7. c3 Qb6 8. b3 Nf8 9. 0-0 Ng6 10. Ne5 Nxe5 11. dxe5 Ng8 12. Bf4 Bd7 13. c4 h5 14. h3 g5 15. Bh2 g4 16. hxg4 hxg4 17. Qxg4 0-0-0 18. Rfd1 Nh6 19. Qf3 Rdg8 20. Bg3 Rg4 21. cxd5 exd5 22. e4 d4 23. Nc4 Qg6 24. Nd6+ Bxd6 25. exd6 Nf5 26. e5 Qh6 27. Kf1 Rxg3 28. fxg3 Ne3+ 29. Kf2 Ng4+ 30. Ke2 Re8 31. Qf4 Rxe5+ 32. Kd2 Qxd6 33. Rac1 Kb8 34. Rh1 a6 35. Qxf7 Ka7 36. Rh7 Bc6 37. Qf4 Qd5 38. Rg1 Ne3 39. Qf7 Qd8 40. Qg6 Qa5+ 41. Kc1 Qxa2 42. Bc4 Qa1+ 43. Kd2 Qb2+ 44. Ke1 Nd5+ 45. Kf1 Qc1+ 46. Kf2 Qe3+ 0-1

[Event "Wch U20 41st"]
[Site "Goa"]
[Date "2002.12.18"]
[Round "11"]
[White "Poliakov, Dmitry"]
[Black "Ravichandran, Siddharth"]
[Result "1/2-1/2"]
[WhiteElo "2290"]
[BlackElo "2223"]
[PlyCount "145"]
[EventDate "2002.12.09"]
[EventType "swiss"]
[EventRounds "13"]
[EventCountry "IND"]
[SourceTitle "CBM 091 Extra"]
[Source "ChessBase"]
[SourceDate "2003.01.09"]
[SourceVersion "1"]
[SourceVersionDate "2003.01.09"]
[SourceQuality "1"]

1. d4 d5 2. Nf3 Nf6 3. Bf4 e6 4. e3 c5 5. Be2 Nc6 6. 0-0 Be7 7. c4 0-0 8. Nc3 dxc4 9. Bxc4 Nh5 10. Be5 cxd4 11. exd4 Nxe5 12. Nxe5 Nf6 13. Re1 Qb6 14. Qd2 Rd8 15. Rad1 Bd7 16. Re3 Rac8 17. Rg3 Be8 18. Bb3 Rxc3 19. bxc3 Ne4 20. Qf4 Nxg3 21. hxg3 Bd6 22. Re1 Qc7 23. Qf3 b5 24. Bc2 b4 25. Qd3 g6 26. cxb4 Bxb4 27. Rb1 Bc5 28. Nf3 Bb6 29. Bb3 Bc6 30. Rd1 Bxf3 31. Qxf3 Rxd4 32. Rxd4 Bxd4 33. Qd1 Bb6 34. Kf1 Qc5 35. Qc2 Qd4 36. Kg1 Qe5 37. Kf1 h5 38. Qe2 Qc3 39. Qc2 Qd4 40. Kg1 Kg7 41. Kf1 Qe5 42. Qe2 Qd4 43. Qc2 h4 44. gxh4 Qxh4 45. Kg1 Qf4 46. Qe2 Bd4 47. Bd1 Bb6 48. Qf3 Qd2 49. Qe2 Qd4 50. Bb3 e5 51. g3 e4 52. Kg2 Qe5 53. Qc4 Qf5 54. Qe2 Qe5 55. Qc4 Qe7 56. Qc3+ Kh7 57. Qc4 Kg8 58. Qc6 Kg7 59. Qc3+ Qf6 60. Qxf6+ Kxf6 61. Bd5 e3 62. fxe3 Bxe3 63. Kf3 Bb6 64. g4 Ke7 65. Ke4 Bc7 66. Bb3 Kf6 67. Kf3 Kg7 68. Ke4 f6 69. Be6 Kh6 70. Kf3 Kg5 71. Bf7 f5 72. gxf5 Kxf5 73. Kg2 1/2-1/2

[Event "Wch U20 41st"]
[Site "Goa"]
[Date "2002.12.12"]
[Round "6"]
[White "Paragua, Mark"]
[Black "Poliakov, Dmitry"]
[Result "1/2-1/2"]
[WhiteElo "2476"]
[BlackElo "2290"]
[PlyCount "43"]
[EventDate "2002.12.09"]
[EventType "swiss"]
[EventRounds "13"]
[EventCountry "IND"]
[SourceTitle "CBM 091 Extra"]
[Source "ChessBase"]
[SourceDate "2003.01.09"]
[SourceVersion "1"]
[SourceVersionDate "2003.01.09"]
[SourceQuality "1"]

1. e4 c5 2. Nf3 Nc6 3. d4 cxd4 4. Nxd4 Nf6 5. Nc3 e5 6. Ndb5 d6 7. Nd5 Nxd5 8. exd5 Nb8 9. Qf3 a6 10. Qa3 Be7 11. Bd2 0-0 12. Bb4 axb5 13. Qxa8 Na6 14. Bd2 Qb6 15. Be3 Qa5+ 16. c3 b4 17. Rc1 Qxa2 18. cxb4 Qxb2 19. Rxc8 Qxb4+ 20. Bd2 Qb1+ 21. Bc1 Qb4+ 22. Bd2 1/2-1/2

[Event "Wch U20 41st"]
[Site "Goa"]
[Date "2002.12.12"]
[Round "5"]
[White "Poliakov, Dmitry"]
[Black "Byomakesh, Nayak"]
[Result "1-0"]
[WhiteElo "2290"]
[BlackElo "2136"]
[PlyCount "63"]
[EventDate "2002.12.09"]
[EventType "swiss"]
[EventRounds "13"]
[EventCountry "IND"]
[SourceTitle "CBM 091 Extra"]
[Source "ChessBase"]
[SourceDate "2003.01.09"]
[SourceVersion "1"]
[SourceVersionDate "2003.01.09"]
[SourceQuality "1"]

1. d4 Nf6 2. Nf3 e6 3. c4 Bb4+ 4. Bd2 Bxd2+ 5. Nbxd2 d5 6. e3 0-0 7. Rc1 c6 8. Bd3 Nbd7 9. 0-0 Qe7 10. e4 dxe4 11. Nxe4 Nxe4 12. Bxe4 Nf6 13. Re1 Nxe4 14. Rxe4 c5 15. Rc2 b6 16. d5 Rd8 17. Qe2 Bb7 18. Re3 Rd6 19. Rd2 Rad8 20. dxe6 f6 21. Rxd6 Rxd6 22. Nh4 g6 23. Qg4 Kf8 24. f4 f5 25. Nxf5 gxf5 26. Qxf5+ Ke8 27. h3 Kd8 28. Qe5 h5 29. f5 Rd1+ 30. Kf2 Qh4+ 31. g3 Rd2+ 32. Ke1 1-0

[Event "Wch U20 41st"]
[Site "Goa"]
[Date "2002.12.09"]
[Round "1"]
[White "Poliakov, Dmitry"]
[Black "Inarkiev, Ernesto"]
[Result "1-0"]
[WhiteElo "2290"]
[BlackElo "2556"]
[PlyCount "95"]
[EventDate "2002.12.09"]
[EventType "swiss"]
[EventRounds "13"]
[EventCountry "IND"]
[SourceTitle "CBM 091 Extra"]
[Source "ChessBase"]
[SourceDate "2003.01.09"]
[SourceVersion "1"]
[SourceVersionDate "2003.01.09"]
[SourceQuality "1"]

1. d4 Nf6 2. Nf3 g6 3. Nc3 d5 4. Bf4 Bg7 5. e3 0-0 6. Be2 b6 7. 0-0 Bb7 8. h3 Na6 9. Ne5 e6 10. a4 Ne8 11. a5 Qc8 12. Qb1 f6 13. Nf3 c5 14. Nb5 Qd7 15. b3 cxd4 16. exd4 Nac7 17. Nxc7 Nxc7 18. Qb2 b5 19. c4 Rae8 20. Bxc7 Qxc7 21. cxb5 e5 22. Rfc1 Qd8 23. a6 Ba8 24. Rc5 e4 25. Nh2 f5 26. Rac1 Qf6 27. Rd1 Qd6 28. Qc3 Bh6 29. Nf1 Qb6 30. Ne3 Rd8 31. b4 Kh8 32. g3 Bg7 33. Ng2 g5 34. f4 Bh6 35. Rf1 Rg8 36. Kh2 Rdf8 37. h4 gxf4 38. Nxf4 Re8 39. Bh5 Rd8 40. Qe3 Qd6 41. Kh3 Rg7 42. Qf2 Rdg8 43. Ne2 Bd2 44. Rc2 Bxb4 45. Rfc1 Qh6 46. Qxf5 Qe3 47. Qe5 Bd2 48. Rc8 1-0

[Event "EU-ch U20"]
[Site "Patras"]
[Date "2001.07.25"]
[Round "9"]
[White "Poliakov, Dmitry"]
[Black "Zvan, Ziga"]
[Result "1-0"]
[WhiteElo "2267"]
[BlackElo "2168"]
[PlyCount "76"]
[EventDate "2001.07.16"]
[EventType "swiss"]
[EventRounds "11"]
[EventCountry "GRE"]
[SourceTitle "CBM 083 Extra"]
[Source "ChessBase"]
[SourceDate "2001.09.11"]
[SourceVersion "1"]
[SourceVersionDate "2001.09.11"]
[SourceQuality "1"]

1. c4 Nf6 2. Nc3 d5 3. d4 g6 4. Nf3 Bg7 5. e3 0-0 6. cxd5 Nxd5 7. Bc4 Nb6 8. Bb3 Nc6 9. 0-0 e5 10. d5 Na5 11. Bc2 c6 12. e4 cxd5 13. exd5 Bg4 14. h3 Bd7 15. Bg5 Qc7 16. Be7 Rfe8 17. d6 Qc8 18. Rc1 Nc6 19. Bb3 Nxe7 20. dxe7 Bc6 21. a4 Qf5 22. a5 Nc8 23. Bc2 Qe6 24. Ng5 Qxe7 25. Nxf7 Kxf7 26. Bb3+ Kf8 27. Nd5 Qd7 28. f4 e4 29. f5 gxf5 30. Qh5 Re5 31. Nf4 Ne7 32. Rcd1 Qe8 33. Qxh7 Bb5 34. Rd6 Bxf1 35. Nh5 Qxh5 36. Qxh5 Nd5 37. Bxd5 Rxd5 38. Rxd5 Bc4 1-0

[Event "EU-ch U20"]
[Site "Patras"]
[Date "2001.07.19"]
[Round "4"]
[White "Poliakov, Dmitry"]
[Black "Guseinov, Gadir"]
[Result "0-1"]
[WhiteElo "2267"]
[BlackElo "2456"]
[PlyCount "140"]
[EventDate "2001.07.16"]
[EventType "swiss"]
[EventRounds "11"]
[EventCountry "GRE"]
[SourceTitle "CBM 083 Extra"]
[Source "ChessBase"]
[SourceDate "2001.09.11"]
[SourceVersion "1"]
[SourceVersionDate "2001.09.11"]
[SourceQuality "1"]

1. e4 c5 2. Nf3 Nc6 3. d4 cxd4 4. Nxd4 g6 5. c4 Bg7 6. Be3 Nf6 7. Nc3 0-0 8. Be2 b6 9. 0-0 Bb7 10. f3 e6 11. Nxc6 Bxc6 12. Qd6 Ne8 13. Qd2 f5 14. exf5 gxf5 15. f4 Nf6 16. Rad1 Ng4 17. h3 Nxe3 18. Qxe3 Qe7 19. Bf3 Rac8 20. b3 Qc5 21. Qxc5 bxc5 22. Bxc6 Rxc6 23. Rf3 Rd8 24. Kf1 h5 25. Rfd3 Kf8 26. Ne2 Ke7 27. Rg3 Bf6 28. Re3 Kf7 29. Red3 Ke7 30. Re3 h4 31. g4 hxg3 32. Nxg3 Kf7 33. Red3 Ke7 34. Re3 Kf7 35. Red3 d6 36. Kg2 a5 37. Kf3 a4 38. Ne2 Ra6 39. Rh1 axb3 40. axb3 Bh4 41. Rb1 Rb8 42. Nc3 Rg8 43. Ne2 Rb8 44. Nc3 Ra3 45. Nb5 Ra2 46. Nxd6+ Kf6 47. Rdd1 Rh2 48. Rh1 Rf2+ 49. Ke3 e5 50. b4 exf4+ 51. Kd3 Rf3+ 52. Kc2 cxb4 53. Nb5 Rg8 54. Rxb4 Rg2+ 55. Kb1 Re3 56. Nc7 Ke5 57. Nd5 Re1+ 58. Rxe1+ Bxe1 59. Rb8 Rg1 60. Kc2 f3 61. Re8+ Kd4 62. Ne3 f4 63. Nf5+ Kc5 64. Re5+ Kb4 65. Rb5+ Ka4 66. Nd6 Rg2+ 67. Kb1 f2 68. Ne4 Bb4 69. Nxf2 Rxf2 70. Rf5 Kb3 0-1

[Event "EU-ch U20"]
[Site "Patras"]
[Date "2001.07.18"]
[Round "3"]
[White "Haznedaroglu, Kivanc"]
[Black "Poliakov, Dmitry"]
[Result "1-0"]
[WhiteElo "2345"]
[BlackElo "2267"]
[PlyCount "81"]
[EventDate "2001.07.16"]
[EventType "swiss"]
[EventRounds "11"]
[EventCountry "GRE"]
[SourceTitle "CBM 083 Extra"]
[Source "ChessBase"]
[SourceDate "2001.09.11"]
[SourceVersion "1"]
[SourceVersionDate "2001.09.11"]
[SourceQuality "1"]

1. e4 c5 2. Nf3 Nc6 3. d4 cxd4 4. Nxd4 Nf6 5. Nc3 e5 6. Ndb5 d6 7. Bg5 a6 8. Na3 b5 9. Bxf6 gxf6 10. Nd5 f5 11. c3 Bg7 12. exf5 Bxf5 13. Nc2 0-0 14. Nce3 Be6 15. Bd3 f5 16. Bc2 Ne7 17. Nxe7+ Qxe7 18. Bxf5 Bxf5 19. Nxf5 Qf6 20. g4 Kh8 21. Qxd6 Qg5 22. Qd1 b4 23. cxb4 Rxf5 24. gxf5 Qg2 25. Rf1 Qe4+ 26. Qe2 Qxb4+ 27. Qd2 Qe4+ 28. Qe3 Qb4+ 29. Ke2 e4 30. Qb3 Qf8 31. Rad1 Rb8 32. Qd5 Rxb2+ 33. Rd2 Rxd2+ 34. Kxd2 Qb4+ 35. Ke2 Qb2+ 36. Ke3 Bh6+ 37. f4 exf3+ 38. Kxf3 Qxh2 39. Qd4+ Kg8 40. Rg1+ Kf8 41. Qd8+ 1-0

[Event "EU-ch U20"]
[Site "Patras"]
[Date "2001.07.16"]
[Round "1"]
[White "Pert, Nicholas"]
[Black "Poliakov, Dmitry"]
[Result "1-0"]
[WhiteElo "2475"]
[BlackElo "2267"]
[PlyCount "83"]
[EventDate "2001.07.16"]
[EventType "swiss"]
[EventRounds "11"]
[EventCountry "GRE"]
[SourceTitle "CBM 083 Extra"]
[Source "ChessBase"]
[SourceDate "2001.09.11"]
[SourceVersion "1"]
[SourceVersionDate "2001.09.11"]
[SourceQuality "1"]

1. d4 d5 2. c4 c6 3. Nf3 Nf6 4. e3 e6 5. Bd3 Bd6 6. b3 Nbd7 7. Bb2 Qe7 8. Ne5 Bb4+ 9. Nd2 dxc4 10. bxc4 Nxe5 11. dxe5 Nd7 12. 0-0 Nc5 13. Ne4 Nxe4 14. Bxe4 0-0 15. Qh5 g6 16. Qg4 Rb8 17. Rfd1 Bd7 18. a3 Bc5 19. Bd4 Rfd8 20. h4 Be8 21. Bxc5 Qxc5 22. Qg5 Rxd1+ 23. Rxd1 h5 24. Bf3 Qxa3 25. Bxh5 Qf8 26. Bf3 Qg7 27. c5 Kf8 28. Be4 b6 29. Rd8 Rxd8 30. Qxd8 Qxe5 31. Bxc6 Qa1+ 32. Kh2 Qe5+ 33. g3 Qxc5 34. Qxe8+ Kg7 35. Bf3 a5 36. Qc6 Qb4 37. h5 g5 38. Qc7 g4 39. Qe5+ f6 40. h6+ Kxh6 41. Qxf6+ Kh5 42. Bc6 1-0

[Event "EU-ch U20"]
[Site "Aviles"]
[Date "2000.08.26"]
[Round "10"]
[White "Mah, Karl"]
[Black "Poliakov, Dmitry"]
[Result "1-0"]
[WhiteElo "2411"]
[BlackElo "2262"]
[PlyCount "83"]
[EventDate "2000.08.18"]
[EventType "swiss"]
[EventRounds "11"]
[EventCountry "ESP"]
[SourceTitle "CBM 077 Extra"]
[Source "ChessBase"]
[SourceDate "2000.09.14"]
[SourceVersion "1"]
[SourceVersionDate "2000.09.14"]
[SourceQuality "1"]

1. c4 c5 2. Nf3 Nc6 3. Nc3 e5 4. e3 d6 5. Be2 f5 6. 0-0 Nf6 7. d4 e4 8. Ne1 Be7 9. f3 0-0 10. d5 Ne5 11. f4 Nf7 12. a3 b6 13. b4 Bd7 14. Nc2 h6 15. Bb2 g5 16. Qd2 Kh7 17. a4 Rg8 18. Kh1 gxf4 19. exf4 Qf8 20. Ba3 h5 21. Rab1 Qg7 22. Ne3 Ng4 23. Bxg4 hxg4 24. Ne2 Kg6 25. bxc5 dxc5 26. Bb2 Bf6 27. a5 Rab8 28. axb6 axb6 29. Bc3 Rh8 30. g3 Nd6 31. Qb2 Bxc3 32. Qxc3 Qxc3 33. Nxc3 b5 34. cxb5 Nxb5 35. Na4 Nd4 36. Rxb8 Rxb8 37. Nxc5 Bb5 38. Rb1 Rc8 39. Ne6 Bd3 40. Rb6 Nf3 41. Ng5+ Kh5 42. Nf7 1-0

[Event "EU-ch U20"]
[Site "Aviles"]
[Date "2000.08.18"]
[Round "3"]
[White "Navara, David"]
[Black "Poliakov, Dmitry"]
[Result "1-0"]
[WhiteElo "2433"]
[BlackElo "2262"]
[PlyCount "81"]
[EventDate "2000.08.18"]
[EventType "swiss"]
[EventRounds "11"]
[EventCountry "ESP"]
[SourceTitle "CBM 077 Extra"]
[Source "ChessBase"]
[SourceDate "2000.09.14"]
[SourceVersion "1"]
[SourceVersionDate "2000.09.14"]
[SourceQuality "1"]

1. e4 c5 2. Nf3 Nc6 3. d4 cxd4 4. Nxd4 Nf6 5. Nc3 e5 6. Ndb5 d6 7. Bg5 a6 8. Na3 b5 9. Bxf6 gxf6 10. Nd5 f5 11. Bd3 Be6 12. Qh5 h6 13. c3 Rg8 14. g3 f4 15. Qe2 fxg3 16. fxg3 Rb8 17. 0-0 Be7 18. Nc2 Bg4 19. Qf2 Be6 20. a4 h5 21. axb5 axb5 22. Ra6 Qc8 23. Rb6 Bd8 24. Rxb8 Qxb8 25. Nce3 h4 26. g4 h3 27. Kh1 Qb7 28. Nf5 Kd7 29. Qf3 Na5 30. b4 Nc4 31. Bxc4 bxc4 32. Rd1 Bxd5 33. Rxd5 Rg6 34. Qxh3 Qa6 35. Qf1 Qa3 36. Qe1 Bc7 37. h3 Rg8 38. Qd2 Qa1+ 39. Kg2 Ra8 40. Rxd6+ Ke8 41. Qh6 1-0

[Event "EU-ch U20"]
[Site "Aviles"]
[Date "2000.08.16"]
[Round "1"]
[White "Halkias, Stelios"]
[Black "Poliakov, Dmitry"]
[Result "0-1"]
[WhiteElo "2502"]
[BlackElo "2262"]
[PlyCount "86"]
[EventDate "2000.08.18"]
[EventType "swiss"]
[EventRounds "11"]
[EventCountry "ESP"]
[SourceTitle "CBM 077 Extra"]
[Source "ChessBase"]
[SourceDate "2000.09.14"]
[SourceVersion "1"]
[SourceVersionDate "2000.09.14"]
[SourceQuality "1"]

1. d4 d5 2. c4 c6 3. Nf3 Nf6 4. e3 e6 5. Bd3 Nbd7 6. 0-0 Bd6 7. Nbd2 0-0 8. e4 e5 9. cxd5 cxd5 10. exd5 exd4 11. Ne4 Nxe4 12. Bxe4 Nf6 13. Qxd4 Nxe4 14. Qxe4 Re8 15. Qd4 b6 16. Bg5 f6 17. Be3 Ba6 18. Rfe1 Qd7 19. Rad1 Rac8 20. Qd2 Qf5 21. h3 Rc2 22. Qd4 Be2 23. Nh4 Qh5 24. Rc1 Be5 25. Qa4 Rxc1 26. Bxc1 b5 27. Qb4 a5 28. Qd2 Bg4 29. f4 Bd4+ 30. Kh2 Rxe1 31. Qxe1 Bd7 32. d6 Bb6 33. Nf3 Qc5 34. Qd1 Kf7 35. b3 Bc6 36. Bb2 Bxf3 37. gxf3 Qf2+ 38. Kh1 Qxb2 39. Qd5+ Kg6 40. h4 Qc1+ 41. Kg2 Qg1+ 42. Kh3 Qf1+ 43. Kg3 Bf2+ 0-1

[Event "Minsk Zepter op"]
[Site "Minsk"]
[Date "1998.04.25"]
[Round "1"]
[White "Volzhin, Alexander"]
[Black "Poliakov, Dmitry"]
[Result "1-0"]
[WhiteElo "2510"]
[BlackElo "2125"]
[PlyCount "59"]
[EventDate "1998.04.25"]
[EventType "swiss"]
[EventRounds "9"]
[EventCountry "BLR"]
[SourceTitle "CBM 064 Extra"]
[Source "ChessBase"]
[SourceDate "1998.07.07"]
[SourceVersion "1"]
[SourceVersionDate "1998.07.07"]
[SourceQuality "1"]

1. d4 d5 2. c4 c6 3. Nf3 Nf6 4. e3 e6 5. Bd3 dxc4 6. Bxc4 b5 7. Bd3 a6 8. a4 Bb7 9. 0-0 Nbd7 10. Qe2 Nb6 11. Nc3 Be7 12. e4 b4 13. e5 bxc3 14. exf6 Bxf6 15. bxc3 0-0 16. Rb1 Ra7 17. Ba3 Nd5 18. Bc5 Nxc3 19. Qe3 Nxb1 20. Rxb1 Qa8 21. Qe4 g6 22. Qf4 Bd8 23. Qd6 Re8 24. Bxa7 c5 25. Bxc5 Bxf3 26. gxf3 Qxf3 27. Qg3 Qc6 28. Bf1 Be7 29. Bg2 Qd7 30. Rb7 1-0

[Event "EU-ch U16"]
[Site "Mureck"]
[Date "1998.??.??"]
[Round "8"]
[White "Gurevich, Artjom"]
[Black "Poliakov, Dmitry"]
[Result "1-0"]
[WhiteElo "2045"]
[BlackElo "2170"]
[PlyCount "79"]
[EventDate "1998.07.08"]
[EventType "swiss"]
[EventRounds "9"]
[EventCountry "AUT"]
[SourceTitle "CBM 065 Extra"]
[Source "ChessBase"]
[SourceDate "1998.09.09"]
[SourceVersion "1"]
[SourceVersionDate "1998.09.09"]
[SourceQuality "1"]

1. e4 c5 2. Nf3 Nc6 3. Bb5 g6 4. 0-0 Bg7 5. c3 e5 6. d4 cxd4 7. cxd4 Nxd4 8. Nxd4 exd4 9. e5 Qb6 10. Na3 Ne7 11. Nc4 Qc5 12. b4 Qd5 13. Nd6+ Kf8 14. Bc4 Qxe5 15. Nxf7 Qc7 16. Bb3 d5 17. Nxh8 Kg8 18. Re1 Nf5 19. g4 d3 20. Bg5 Qc3 21. gxf5 Bxf5 22. Bxd5+ Kxh8 23. Rc1 Qxb4 24. Rb1 Qd4 25. Be4 h6 26. Bxf5 gxf5 27. Be3 Qd5 28. Qb3 Qd6 29. Qxb7 Re8 30. Bd2 Rg8 31. Kh1 Qd4 32. Qf3 Be5 33. Rxe5 Qxe5 34. Qxd3 Qe6 35. Qf3 Rf8 36. Rb7 Rf7 37. Rb8+ Kh7 38. Bc3 f4 39. Qd3+ Rf5 40. Rb7+ 1-0

[Event "Hollabrunn op U18"]
[Site "Hollabrunn"]
[Date "1998.??.??"]
[Round "9"]
[White "Hera, Imre Jr"]
[Black "Poliakov, Dmitry"]
[Result "1/2-1/2"]
[WhiteElo "2345"]
[BlackElo "2170"]
[PlyCount "55"]
[EventDate "1998.??.??"]
[EventType "swiss"]
[EventRounds "9"]
[EventCountry "AUT"]
[SourceTitle "EXT 1999"]
[Source "ChessBase"]
[SourceDate "1998.11.16"]
[SourceVersion "1"]
[SourceVersionDate "1998.11.16"]
[SourceQuality "1"]

1. e4 c5 2. Nf3 d6 3. Bb5+ Bd7 4. Bxd7+ Qxd7 5. c4 e5 6. Nc3 g6 7. d3 Bg7 8. 0-0 Ne7 9. a3 Nbc6 10. Rb1 0-0 11. b4 b6 12. Bg5 f6 13. Bd2 f5 14. Nd5 Nxd5 15. cxd5 Nd4 16. Nxd4 exd4 17. f3 Rac8 18. Qb3 fxe4 19. fxe4 Be5 20. bxc5 bxc5 21. Rxf8+ Rxf8 22. Bh6 Bg7 23. Bxg7 Qxg7 24. Qc2 Qf6 25. Qe2 Kg7 26. Rb7+ Rf7 27. Rb1 Qg5 28. a4 1/2-1/2

[Event "EU-ch U16"]
[Site "Mureck"]
[Date "1998.??.??"]
[Round "4"]
[White "Poliakov, Dmitry"]
[Black "Korobov, Anton"]
[Result "0-1"]
[WhiteElo "2170"]
[BlackElo "2350"]
[PlyCount "89"]
[EventDate "1998.07.08"]
[EventType "swiss"]
[EventRounds "9"]
[EventCountry "AUT"]
[SourceTitle "CBM 065 Extra"]
[Source "ChessBase"]
[SourceDate "1998.09.09"]
[SourceVersion "1"]
[SourceVersionDate "1998.09.09"]
[SourceQuality "1"]

1. d4 Nf6 2. c4 g6 3. Nf3 Bg7 4. Nc3 d6 5. e4 0-0 6. Be2 e5 7. 0-0 Nc6 8. dxe5 dxe5 9. Bg5 Qxd1 10. Rfxd1 Bg4 11. Rd2 Bxf3 12. gxf3 Nd4 13. f4 Nd7 14. f5 c6 15. Kg2 a5 16. fxg6 hxg6 17. h4 Bf6 18. Bg4 Bxg5 19. hxg5 f5 20. Bh3 Rf7 21. Rad1 Nb6 22. b3 Ne6 23. exf5 gxf5 24. Rd6 Re8 25. Kf1 Kg7 26. R1d3 Nf4 27. Rg3 Nc8 28. Rd2 Kg6 29. Bg2 e4 30. Ne2 Nh5 31. Rc3 Kxg5 32. Rh3 Nb6 33. f4+ Nxf4 34. Nxf4 Kxf4 35. Rf2+ Kg5 36. Rg3+ Kf6 37. Re3 Kg7 38. Rf4 Nd7 39. Bh3 Re5 40. Rg3+ Kf6 41. Ke2 Nc5 42. Rh4 Ke6 43. Rh6+ Ke7 44. Rg8 e3 45. Rb8 0-1

[Event "Hollabrunn op U18"]
[Site "Hollabrunn"]
[Date "1998.??.??"]
[Round "8"]
[White "Poliakov, Dmitry"]
[Black "Lehocky, Viktor"]
[Result "1/2-1/2"]
[WhiteElo "2170"]
[BlackElo "2065"]
[PlyCount "109"]
[EventDate "1998.??.??"]
[EventType "swiss"]
[EventRounds "9"]
[EventCountry "AUT"]
[SourceTitle "EXT 1999"]
[Source "ChessBase"]
[SourceDate "1998.11.16"]
[SourceVersion "1"]
[SourceVersionDate "1998.11.16"]
[SourceQuality "1"]

1. e4 e6 2. d4 d5 3. Nd2 Nf6 4. e5 Nfd7 5. Bd3 c5 6. c3 Nc6 7. Ndf3 cxd4 8. cxd4 f6 9. exf6 Nxf6 10. Ne2 Bd6 11. Bf4 Bxf4 12. Nxf4 0-0 13. 0-0 Ne4 14. g3 Ng5 15. Nxg5 Qxg5 16. h4 Qf6 17. Rc1 Nxd4 18. Rc7 Qe5 19. Qh5 Qxh5 20. Nxh5 g6 21. Nf4 Rf7 22. Rfc1 Nc6 23. Rxf7 Kxf7 24. Bb5 Bd7 25. Nd3 Ke7 26. Nc5 Rb8 27. f4 Kd6 28. Kf2 Be8 29. b3 a6 30. Bxc6 bxc6 31. Ke3 Rb5 32. Kd4 Rb4+ 33. Kd3 Rb5 34. Kd4 Rb4+ 35. Kd3 a5 36. a3 Rb8 37. Kd4 Bd7 38. Rc3 Bc8 39. Re3 Rb5 40. Rc3 Rb8 41. Re3 Ra8 42. Re5 Ra7 43. Rg5 Rf7 44. Re5 h6 45. Nd3 Rb7 46. b4 axb4 47. axb4 Rb8 48. Kc3 Ra8 49. Kb2 Ra4 50. Re1 Ra7 51. Re5 Rf7 52. Kc3 Ra7 53. Re1 Re7 54. Ra1 Rc7 55. Kd4 1/2-1/2

[Event "RUS-Cup01 Chigorin Memorial"]
[Site "St Petersburg"]
[Date "1996.??.??"]
[Round "4"]
[White "Poliakov, Dmitry"]
[Black "Nekrasova, Elena"]
[Result "1/2-1/2"]
[WhiteElo "2375"]
[BlackElo "2085"]
[PlyCount "95"]
[EventDate "1996.11.??"]
[EventType "swiss"]
[EventRounds "9"]
[EventCountry "RUS"]
[SourceTitle "CBM 056 Extra"]
[Source "ChessBase"]
[SourceDate "1997.03.01"]
[SourceVersion "1"]
[SourceVersionDate "1997.03.01"]
[SourceQuality "1"]

1. e4 c5 2. Nf3 e6 3. d4 cxd4 4. Nxd4 Nc6 5. Nc3 Qc7 6. Be2 a6 7. 0-0 Nf6 8. Kh1 Bb4 9. f3 0-0 10. Bg5 Be7 11. Be3 b5 12. a3 Bb7 13. Nb3 Ne5 14. Bf4 d6 15. Bg3 Rfd8 16. Bd3 Rac8 17. Qe2 Nh5 18. Qe1 Nxg3+ 19. Qxg3 Bf6 20. f4 Nc4 21. Bxc4 Bxc3 22. bxc3 Qxc4 23. Na5 Qc7 24. Nxb7 Qxb7 25. Rae1 f6 26. Qh3 e5 27. Qg3 Rc6 28. h4 Rdc8 29. Re3 Qc7 30. Rff3 Qa5 31. f5 Qxa3 32. h5 h6 33. Qg6 R6c7 34. Kh2 Qa4 35. Rg3 Kh8 36. Rd3 Qxe4 37. Rxd6 Qh4+ 38. Kg1 Rf8 39. Rxa6 Qe4 40. Re6 Qa8 41. Rd3 Qc8 42. Kh2 Rd7 43. Rf3 Qd8 44. Rg3 Re7 45. Rd3 Rd7 46. Rg3 Re7 47. Rd3 Rd7 48. Rg3 1/2-1/2

[Event "RUS-Cup01 Chigorin Memorial"]
[Site "St Petersburg"]
[Date "1996.??.??"]
[Round "7"]
[White "Sinkevich, Petr"]
[Black "Poliakov, Dmitry"]
[Result "0-1"]
[WhiteElo "2315"]
[BlackElo "2375"]
[PlyCount "86"]
[EventDate "1996.11.??"]
[EventType "swiss"]
[EventRounds "9"]
[EventCountry "RUS"]
[SourceTitle "CBM 056 Extra"]
[Source "ChessBase"]
[SourceDate "1997.03.01"]
[SourceVersion "1"]
[SourceVersionDate "1997.03.01"]
[SourceQuality "1"]

1. e4 c5 2. Nf3 Nc6 3. Bb5 g6 4. 0-0 Bg7 5. Re1 a6 6. Bf1 d6 7. c3 Nf6 8. h3 0-0 9. d4 b5 10. a4 Qa5 11. d5 Nb8 12. Na3 b4 13. Nc4 Qc7 14. cxb4 cxb4 15. Bf4 Nh5 16. Bh2 Nd7 17. g4 Nhf6 18. Rc1 Qd8 19. g5 Nh5 20. Bg2 Ra7 21. e5 dxe5 22. Nfxe5 Nxe5 23. Nxe5 Bxe5 24. Rxe5 a5 25. Qd4 Rd7 26. Qc5 Bb7 27. Rce1 Re8 28. Rd1 Ng7 29. h4 Nf5 30. Rxf5 gxf5 31. Be5 f6 32. gxf6 exf6 33. Bf4 Rg7 34. Qb5 Ree7 35. Bg3 Rd7 36. Kh2 Kh8 37. Bf3 f4 38. Bxf4 f5 39. Bg5 Rxg5 40. hxg5 Rg7 41. Rg1 h6 42. Re1 Qxg5 43. Qc4 Bxd5 0-1